|
|
|
|
| LEADER |
02195nam a22003733i 4500 |
| 001 |
EBC6411878 |
| 003 |
MiAaPQ |
| 005 |
20231204023215.0 |
| 006 |
m o d | |
| 007 |
cr cnu|||||||| |
| 008 |
231204s2019 xx o ||||0 ara d |
| 020 |
|
|
|a 9789264310032
|q (electronic bk.)
|
| 020 |
|
|
|z 9789264310025
|
| 035 |
|
|
|a (MiAaPQ)EBC6411878
|
| 035 |
|
|
|a (Au-PeEL)EBL6411878
|
| 040 |
|
|
|a MiAaPQ
|b eng
|e rda
|e pn
|c MiAaPQ
|d MiAaPQ
|
| 100 |
1 |
|
|a OECD.
|
| 245 |
1 |
0 |
|a منطقة الشرق الأوسط وشمال أفريقيا المتوسطية 2018 التقييم المرحلي للإصلاحات المتعلقة بالمشاريع الصغيرة والمتوسطة الحجم.
|
| 250 |
|
|
|a 1st ed.
|
| 264 |
|
1 |
|a Paris :
|b OECD Publishing,
|c 2019.
|
| 264 |
|
4 |
|c {copy}2019.
|
| 300 |
|
|
|a 1 online resource (150 pages)
|
| 336 |
|
|
|a text
|b txt
|2 rdacontent
|
| 337 |
|
|
|a computer
|b c
|2 rdamedia
|
| 338 |
|
|
|a online resource
|b cr
|2 rdacarrier
|
| 520 |
|
|
|a يقدم هذا التقرير تحليلا ًمعمقا ًللإصلاحات الرئيسية التي أجريت بين 2014 و2018 التي تهدف إلى تشجيع تنمية المشاريع المتناهية الصغر والصغيرة والمتوسطة الحجم في الجزائر ومصر وإسرائيل والأردن ولبنان والمغرب والأراضي الفلسطينية وتونس.
|
| 588 |
|
|
|a Description based on publisher supplied metadata and other sources.
|
| 590 |
|
|
|a Electronic reproduction. Ann Arbor, Michigan : ProQuest Ebook Central, 2023. Available via World Wide Web. Access may be limited to ProQuest Ebook Central affiliated libraries.
|
| 655 |
|
4 |
|a Electronic books.
|
| 700 |
1 |
|
|a Union, European.
|
| 700 |
1 |
|
|a Foundation, European Training.
|
| 776 |
0 |
8 |
|i Print version:
|a OECD
|t منطقة الشرق الأوسط وشمال أفريقيا المتوسطية 2018 التقييم المرحلي للإصلاحات المتعلقة بالمشاريع الصغيرة والمتوسطة الحجم
|d Paris : OECD Publishing,c2019
|z 9789264310025
|
| 797 |
2 |
|
|a ProQuest (Firm)
|
| 856 |
4 |
0 |
|u https://ebookcentral.proquest.com/lib/matrademy/detail.action?docID=6411878
|z Click to View
|